• 首页
  • 本馆介绍
  • 公告通知
  • 最新文献
  • 馆藏检索
  • 电子资源
  • 读者导购
  • 参考咨询
  • 我的图书馆
  • 登录
  • 详细信息显示
  • 放入我的书架
  • 预约/预借图书
  • 作者相关作品
  • 分类相关作品
  • 丛书相关作品
  • 出版社相关作品

书目信息

  • 表格格式
  • 工作单格式
  • 卡片格式
题名:
史诗特性与审美观照
    
 
作者: 胡良桂
分册:  
出版信息: 长沙   湖南教育出版社  1994
页数: 494页
开本: 20cm
丛书名:
单 册:
中图分类: B262
科图分类:
主题词: 哲学--中国--现代
电子资源:
ISBN: 7-5355-1844-3
000 00525nam0 2200181 450
001 0728815141
005 20070819080015.14
010    @a7-5355-1844-3@d¥10.90
100    @a20070819d km y0chiy0120 ea
101 0  @achi
200 1  @a史诗特性与审美观照@Ashi shi te xing yu shen mei guan zhao@f胡良桂@Fhu liang gui
210    @a长沙@c湖南教育出版社@d1994
215    @a494页@d20cm
606 0  @a哲学@x中国@x现代
690    @aB262@v3
701  0 @a胡良桂@Ahu liang gui
801  0 @aCN@bPFT@c20070819
905    @a213230@dB262@eZW252@f1
    
    史诗特性与审美观照/胡良桂.-长沙:湖南教育出版社,1994
    494页;20cm
    
    
    ISBN 7-5355-1844-3:¥10.90
    
●
相关链接 在E读中查询图书 在五车中查询图书 在当当中查询图书 在豆瓣中查询图书


正题名:史诗特性与审美观照     索取号:B262/ZW252         预约/预借

序号 登录号 条形码 馆藏地/架位号 状态 备注
1 7600392   276003922   密集书库-文学院/ [索取号:B262/ZW252] 在馆    
唐山师范学院图书馆 欢迎您!
大连网信软件有限公司© 版权所有